[Event "SR 2. liga A 2016/2017"]
[Site "?"]
[Date "2018.02.24"]
[Round "8.1"]
[White "Krajnak, Robert"]
[Black "Sandor, Martin"]
[Result "1/2-1/2"]
[WhiteElo "2010"]
[BlackElo "1967"]
[PlyCount "84"]
[EventDate "2017.??.??"]
[WhiteTeam "SK Doprastav Bratislava A"]
[BlackTeam "SK Modra B"]

1. c4 Nf6 2. Nf3 e6 3. g3 d5 4. Bg2 Nbd7 5. O-O Be7 6. Qc2 c5 7. cxd5 exd5 8.
d4 b6 9. Nbd2 Bb7 10. dxc5 Nxc5 11. Nd4 O-O 12. Nf5 Re8 13. Nf3 Ne6 14. Nxe7+
Qxe7 15. Rd1 Rac8 16. Qf5 Ne4 17. Nd4 Nxd4 18. Rxd4 Nd6 19. Qd3 Qxe2 20. Qxe2
Rxe2 21. Be3 Nf5 22. Bh3 Nxd4 23. Bxc8 Bxc8 24. Bxd4 Rc2 25. Kg2 f6 26. Kf3 Rc7
27. h4 h5 28. Ke3 Kf7 29. Kd2 Rc4 30. Be3 Bf5 31. Rc1 Rxc1 32. Kxc1 Ke6 33. Bd4
g5 34. Kd2 Bg6 35. Ke3 Be8 36. b3 Bg6 37. a3 Bf5 38. Kd2 Be4 39. Ke3 Bc2 40. b4
Ba4 41. Bc3 Bc6 42. Bd4 Bb5 1/2-1/2

[Event "SR 2. liga A 2016/2017"]
[Site "?"]
[Date "2018.02.24"]
[Round "8.1"]
[White "Horvath, Marek"]
[Black "Machalec, Vladimir"]
[Result "0-1"]
[WhiteElo "1822"]
[BlackElo "1935"]
[PlyCount "105"]
[EventDate "2017.??.??"]
[WhiteTeam "SK Modra B"]
[BlackTeam "SK Doprastav Bratislava A"]

1. e4 c5 2. c3 d5 3. exd5 Qxd5 4. d4 cxd4 5. cxd4 Nc6 6. Nf3 e6 7. Be2 Bb4+ 8.
Nc3 Qa5 9. Bd2 Nge7 10. O-O O-O 11. Qc2 Qd8 12. Rad1 Nf5 13. Be3 Ba5 14. d5
Nxe3 15. fxe3 exd5 16. Nxd5 Qe8 17. Ng5 f5 18. Bc4 Kh8 19. Rf3 Ne5 20. Rh3 h6
21. Bb3 Qg6 22. Qc5 Nd7 23. Qxa5 Qxg5 24. Nf4 Qf6 25. Rg3 g5 26. Ne6 f4 27.
exf4 gxf4 28. Rf3 Qe5 29. Qb4 Rf6 30. Re1 Qxb2 31. Nxf4 Ne5 32. Rf2 Qxf2+ 33.
Kxf2 Nd3+ 34. Kg3 Nxb4 35. Re8+ Kg7 36. Nh5+ Kg6 37. Rg8+ Kf5 38. Nxf6 Kxf6 39.
Kf4 Nd3+ 40. Ke3 Nc5 41. Bd1 Kf7 42. Rh8 Nd7 43. Bg4 Nf8 44. Bxc8 Rxc8 45. Rxh6
Rc2 46. g4 Rxa2 47. g5 b5 48. Rf6+ Kg7 49. h4 Ra3+ 50. Kd4 Ra4+ 51. Kc5 a6 52.
Rd6 b4 53. Rb6 0-1

[Event "SR 2. liga A 2016/2017"]
[Site "?"]
[Date "2018.02.24"]
[Round "8.2"]
[White "Lintner, Igor"]
[Black "Sukuba, Zdeno"]
[Result "1/2-1/2"]
[WhiteElo "2207"]
[BlackElo "2155"]
[PlyCount "24"]
[EventDate "2017.??.??"]
[WhiteTeam "SK Doprastav Bratislava B"]
[BlackTeam "SK Krasnany"]

1. e4 c6 2. Nf3 d5 3. Nc3 Bg4 4. h3 Bxf3 5. Qxf3 e6 6. d3 Bb4 7. a3 Bxc3+ 8.
bxc3 Qf6 9. Qxf6 Nxf6 10. Rb1 b6 11. f3 Nbd7 12. g4 Nc5 1/2-1/2

[Event "SR 2. liga A 2016/2017"]
[Site "?"]
[Date "2018.02.24"]
[Round "8.2"]
[White "Bronis, Marian"]
[Black "Bednar, Jan"]
[Result "1-0"]
[WhiteElo "2081"]
[BlackElo "2018"]
[PlyCount "53"]
[EventDate "2017.??.??"]
[WhiteTeam "SK Krasnany"]
[BlackTeam "SK Doprastav Bratislava B"]

1. d4 Nf6 2. c4 e6 3. Nc3 Bb4 4. e3 O-O 5. Bd3 c5 6. Nge2 b6 7. O-O Bb7 8. d5
exd5 9. cxd5 d6 10. e4 a6 11. Bg5 h6 12. Bh4 Nbd7 13. f4 Qc7 14. Ng3 Rae8 15.
Qd2 b5 16. Rae1 c4 17. Bb1 Nh7 18. Nf5 Nc5 19. Kh1 Bc8 20. e5 Nd3 21. Bxd3 cxd3
22. Qxd3 dxe5 23. fxe5 Rxe5 24. Qg3 f6 25. Rxe5 fxe5 26. d6 Qc5 27. Qxg7# 1-0

[Event "SR 2. liga A 2016/2017"]
[Site "?"]
[Date "2018.02.24"]
[Round "8.2"]
[White "Macka, Oto"]
[Black "Biro, Karol"]
[Result "1-0"]
[WhiteElo "2019"]
[BlackElo "2075"]
[PlyCount "79"]
[EventDate "2017.??.??"]
[WhiteTeam "SK Doprastav Bratislava B"]
[BlackTeam "SK Krasnany"]

1. e4 d6 2. d4 Nf6 3. Nc3 g6 4. Be3 c6 5. h3 b5 6. Bd3 a6 7. f4 Nbd7 8. e5 Nd5
9. Nxd5 cxd5 10. a4 bxa4 11. Rxa4 e6 12. Nf3 Nb6 13. Ra2 Nc4 14. Bc1 Bg7 15. b3
Nb6 16. Ba3 Bf8 17. O-O Be7 18. Qe2 O-O 19. Rfa1 dxe5 20. fxe5 f6 21. exf6 Bxa3
22. Rxa3 Rxf6 23. Bxa6 Qf8 24. R3a2 Qb4 25. Qb5 Qd6 26. Bxc8 Rxc8 27. Qe2 Qb4
28. Rd1 Rcf8 29. Ra7 Nc8 30. Ra4 Qb8 31. Qe5 Qb6 32. Rda1 Qc6 33. Qe2 Qc3 34.
Qd3 Qc7 35. Rf1 Nd6 36. Raa1 Nf5 37. Ne5 Qb6 38. Nd7 Qxd4+ 39. Qxd4 Nxd4 40.
Nxf6+ 1-0

[Event "SR 2. liga A 2016/2017"]
[Site "?"]
[Date "2018.02.24"]
[Round "8.2"]
[White "Janos, Ivan"]
[Black "Prikler, Bruno"]
[Result "1-0"]
[WhiteElo "2091"]
[BlackElo "2089"]
[PlyCount "59"]
[EventDate "2017.??.??"]
[WhiteTeam "SK Krasnany"]
[BlackTeam "SK Doprastav Bratislava B"]

1. e4 d6 2. d4 e5 3. Nf3 Nd7 4. Bc4 Ngf6 5. Nc3 Be7 6. Bb3 O-O 7. O-O c6 8. a4
a5 9. Re1 Qc7 10. h3 h6 11. Be3 Re8 12. Nh4 Nf8 13. Qf3 exd4 14. Bxd4 Be6 15.
Nf5 Bxf5 16. Qxf5 Qd7 17. Qf3 Ne6 18. Be3 Ng5 19. Bxg5 hxg5 20. g4 b5 21. axb5
cxb5 22. Rad1 a4 23. Ba2 Qc7 24. Nd5 Qxc2 25. e5 dxe5 26. Nxe7+ Kf8 27. Qb7
Rxe7 28. Qxa8+ Re8 29. Qb7 Re7 30. Qxe7+ 1-0

[Event "SR 2. liga A 2016/2017"]
[Site "?"]
[Date "2018.02.24"]
[Round "8.2"]
[White "Vrtiakova, Anna"]
[Black "Danek, Pavol"]
[Result "1/2-1/2"]
[WhiteElo "2014"]
[BlackElo "2225"]
[PlyCount "128"]
[EventDate "2017.??.??"]
[WhiteTeam "SK Doprastav Bratislava B"]
[BlackTeam "SK Krasnany"]

1. e4 d6 2. d4 g6 3. Nf3 Bg7 4. Nc3 c6 5. a4 Bg4 6. Be2 a5 7. O-O Nf6 8. h3
Bxf3 9. Bxf3 Nbd7 10. Re1 Qc7 11. Qe2 e5 12. Be3 O-O 13. Rad1 exd4 14. Bxd4 Ne5
15. g3 Rfe8 16. Bg2 Rad8 17. f4 Ned7 18. Qf2 Nh5 19. Kh2 Bxd4 20. Qxd4 Qb6 21.
b3 Qxd4 22. Rxd4 Nb6 23. Red1 Nc8 24. e5 d5 25. Ne4 f5 26. exf6 Kf7 27. Ng5+
Kxf6 28. Nxh7+ Kg7 29. Ng5 Re3 30. g4 Nf6 31. c4 Rh8 32. cxd5 Rxb3 33. dxc6
bxc6 34. Kg1 Re8 35. Bxc6 Re2 36. Bf3 Re7 37. Rc1 Nb6 38. Kf2 Ra3 39. Bd1 Ra2+
40. Rc2 Rxa4 41. Rxa4 Nxa4 42. Rc6 Nb2 43. Bc2 Ra7 44. Ne6+ Kf7 45. Nc5 a4 46.
g5 Nd5 47. Bxg6+ Kg7 48. f5 Nf4 49. h4 a3 50. h5 Nh3+ 51. Kg3 Nxg5 52. f6+ Kh6
53. Rc8 a2 54. Nb3 Ne6 55. Na1 Ra3+ 56. Kg4 Ra4+ 57. Kg3 Kg5 58. f7 Rg4+ 59.
Kf2 Nd3+ 60. Bxd3 Rf4+ 61. Kg3 Rxf7 62. Rg8+ Rg7 63. Rxg7+ Nxg7 64. Be4 Nxh5+
1/2-1/2

[Event "SR 2. liga A 2016/2017"]
[Site "?"]
[Date "2018.02.24"]
[Round "8.2"]
[White "Kebis, Milos"]
[Black "Kosnac, Patrik"]
[Result "1-0"]
[WhiteElo "1803"]
[BlackElo "1968"]
[PlyCount "98"]
[EventDate "2017.??.??"]
[WhiteTeam "SK Krasnany"]
[BlackTeam "SK Doprastav Bratislava B"]

1. c4 Nf6 2. Nf3 g6 3. Nc3 Bg7 4. d4 O-O 5. e4 d6 6. Be2 e5 7. O-O exd4 8. Nxd4
Re8 9. f3 Nbd7 10. Bg5 c6 11. Qd2 Qb6 12. Rfd1 Nc5 13. Be3 Qc7 14. Rac1 a5 15.
Kh1 Bf8 16. Bg5 Nfd7 17. Qe1 Nb6 18. Qg3 Bg7 19. Bf4 Be5 20. Bxe5 dxe5 21. Nc2
Be6 22. Ne3 Rad8 23. h4 Na6 24. Ncd5 cxd5 25. cxd5 Qe7 26. dxe6 Qxe6 27. b3 Nb4
28. Rxd8 Rxd8 29. Rc5 Nd7 30. Rb5 Qc6 31. Bc4 Nxa2 32. Nf5 Kf8 33. Qg5 Qf6 34.
Qxf6 Nxf6 35. Ne3 Nd7 36. Rxb7 Nb4 37. Rb5 Nc6 38. Bd5 Nd4 39. Rxa5 Rb8 40. Ra7
Ke8 41. Bxf7+ Ke7 42. Bd5 Nb5 43. Ra5 Nd4 44. Ra3 Nc5 45. Ra7+ Nd7 46. Nc4 Nb5
47. Ra6 Nc7 48. Ra7 Kd8 49. Na5 Rb6 1-0

[Event "SR 2. liga A 2016/2017"]
[Site "?"]
[Date "2018.02.24"]
[Round "8.2"]
[White "Gzib, David"]
[Black "Zacik, Anton"]
[Result "1-0"]
[WhiteElo "1875"]
[BlackElo "1910"]
[PlyCount "99"]
[EventDate "2017.??.??"]
[WhiteTeam "SK Doprastav Bratislava B"]
[BlackTeam "SK Krasnany"]

1. e4 c5 2. Nf3 e6 3. d4 cxd4 4. Nxd4 Nf6 5. Nc3 Bb4 6. Bd3 e5 7. Nf5 O-O 8.
Bg5 d5 9. Qf3 Bxf5 10. Qxf5 d4 11. a3 dxc3 12. axb4 cxb2 13. Rb1 Qd4 14. O-O
Nbd7 15. Rfd1 Qxb4 16. Bxf6 Nxf6 17. Qxe5 Rfe8 18. Qxb2 Qxb2 19. Rxb2 b6 20. f3
Red8 21. Ra1 Nd7 22. Bc4 Rac8 23. Bd5 Rc7 24. Rba2 a5 25. Rb2 Kf8 26. Kf2 Rdc8
27. c4 Ke7 28. Ke3 Rb8 29. Kd4 Nf6 30. Rxa5 bxa5 31. Rxb8 Ra7 32. Rb7+ Rxb7 33.
Bxb7 Nd7 34. Bc6 Nb6 35. Kc5 a4 36. Kb4 a3 37. Kxa3 Nxc4+ 38. Kb4 Ne3 39. g4 g5
40. Kc5 f6 41. Kd4 Nc2+ 42. Kc3 Ne1 43. e5 fxe5 44. f4 gxf4 45. Kd2 Kf6 46. h4
h6 47. Kxe1 e4 48. Bxe4 Ke5 49. Bf3 Kd4 50. Kd2 1-0

[Event "SR 2. liga A 2016/2017"]
[Site "?"]
[Date "2018.02.24"]
[Round "8.2"]
[White "Mikudik, Ivan"]
[Black "Novak, Stanislav"]
[Result "1/2-1/2"]
[WhiteElo "1881"]
[BlackElo "1941"]
[PlyCount "22"]
[EventDate "2017.??.??"]
[WhiteTeam "SK Krasnany"]
[BlackTeam "SK Doprastav Bratislava B"]

1. d4 d5 2. c4 e6 3. Nc3 Nf6 4. Bg5 Nbd7 5. Nf3 Be7 6. e3 O-O 7. Qc2 c6 8. a3
h6 9. h4 dxc4 10. Bxc4 b5 11. Ba2 a5 1/2-1/2

[Event "SR 2. liga A 2016/2017"]
[Site "?"]
[Date "2018.02.24"]
[Round "8.3"]
[White "Kavon, Rastislav"]
[Black "Janos, Martin"]
[Result "1/2-1/2"]
[WhiteElo "2182"]
[BlackElo "2208"]
[PlyCount "66"]
[EventDate "2017.??.??"]
[WhiteTeam "Lokomotiva Trnava B"]
[BlackTeam "SK Slovan Bratislava D"]

1. e4 Nc6 2. d4 e5 3. Nf3 exd4 4. Bc4 Be7 5. O-O d6 6. Nxd4 Nf6 7. Nc3 O-O 8.
Re1 Ne5 9. Bf1 c6 10. h3 Ng6 11. Nb3 Ne8 12. g4 Bg5 13. Qf3 h6 14. Ne2 d5 15.
exd5 f5 16. dxc6 fxg4 17. cxb7 gxf3 18. bxa8=Q fxe2 19. Bxe2 Bxc1 20. Raxc1 Nf6
21. Bc4+ Kh8 22. Be6 Qc7 23. Bxc8 Rxc8 24. Qh1 Qf4 25. Re3 Nh4 26. c3 Rd8 27.
Rce1 Rd5 28. Nd4 Rg5+ 29. Rg3 Rxg3+ 30. fxg3 Qxg3+ 31. Kf1 Qf4+ 32. Kg1 Qg3+
33. Kf1 Qf4+ 1/2-1/2

[Event "SR 2. liga A 2016/2017"]
[Site "?"]
[Date "2018.02.24"]
[Round "8.3"]
[White "Kolcak, Marek"]
[Black "Puskar, Peter"]
[Result "0-1"]
[WhiteElo "2184"]
[BlackElo "2188"]
[PlyCount "78"]
[EventDate "2017.??.??"]
[WhiteTeam "SK Slovan Bratislava D"]
[BlackTeam "Lokomotiva Trnava B"]

1. e4 c5 2. Nf3 d6 3. d4 cxd4 4. Nxd4 Nf6 5. Nc3 a6 6. Be3 e5 7. Nb3 Be6 8. f3
Be7 9. Qd2 O-O 10. O-O-O a5 11. Kb1 a4 12. Nc1 Ra5 13. Qf2 Nbd7 14. g4 d5 15.
g5 d4 16. gxf6 Bxf6 17. Bd2 dxc3 18. Bxc3 Ra8 19. Rg1 Qc7 20. f4 Rfd8 21. Rd3
a3 22. Rdg3 g6 23. f5 axb2 24. Bxb2 Bc4 25. fxg6 fxg6 26. Bh3 Bg7 27. Rc3 b5
28. Be6+ Kh8 29. Rxg6 Nf8 30. Rxg7 Kxg7 31. Rg3+ Ng6 32. Qf5 Rd4 33. Bxd4 exd4
34. Bd5 Rc8 35. Rg2 Rf8 36. Qe6 Rf1 37. Qg8+ Kh6 38. h4 Qd6 39. h5 Qb4+ 0-1

[Event "SR 2. liga A 2016/2017"]
[Site "?"]
[Date "2018.02.24"]
[Round "8.3"]
[White "Nicolini, Alexander"]
[Black "Ac, Michal"]
[Result "1/2-1/2"]
[WhiteElo "2138"]
[BlackElo "2162"]
[PlyCount "83"]
[EventDate "2017.??.??"]
[WhiteTeam "Lokomotiva Trnava B"]
[BlackTeam "SK Slovan Bratislava D"]

1. e4 e5 2. Nf3 Nc6 3. Bc4 Nf6 4. d3 Be7 5. O-O O-O 6. Bb3 d6 7. c3 h6 8. Re1
Re8 9. Nbd2 Bf8 10. Nf1 Na5 11. Bc2 c5 12. a3 g6 13. b4 Nc6 14. Bb3 Qe7 15. Ne3
Bg7 16. Bd2 Qf8 17. Qc2 Bd7 18. Qa2 cxb4 19. axb4 a5 20. b5 Nd8 21. b6 a4 22.
Bc4 Ne6 23. Nd5 Nxd5 24. Bxd5 Nc5 25. d4 exd4 26. cxd4 Nb3 27. Rab1 Nxd2 28.
Qxd2 Reb8 29. Rec1 Qe8 30. Rc7 a3 31. Qb4 Be6 32. Qb3 Ra5 33. Bc4 Bxc4 34. Qxc4
d5 35. exd5 a2 36. Ra1 Qe4 37. d6 Rf8 38. d7 Qb1+ 39. Qc1 Qxb6 40. Rc8 Bf6 41.
Qxh6 Bg7 42. Qd2 1/2-1/2

[Event "SR 2. liga A 2016/2017"]
[Site "?"]
[Date "2018.02.24"]
[Round "8.3"]
[White "Janos, Jozef"]
[Black "Stetina, Erik"]
[Result "1/2-1/2"]
[WhiteElo "2127"]
[BlackElo "2022"]
[PlyCount "77"]
[EventDate "2017.??.??"]
[WhiteTeam "SK Slovan Bratislava D"]
[BlackTeam "Lokomotiva Trnava B"]

1. e4 d6 2. d4 Nf6 3. Nc3 Nbd7 4. Nf3 e5 5. Bc4 Be7 6. O-O c6 7. dxe5 dxe5 8.
Qe2 Qc7 9. Ng5 Rf8 10. a4 Nb6 11. Bb3 h6 12. Bxf7+ Rxf7 13. Nxf7 Kxf7 14. a5
Nbd7 15. Qc4+ Kg6 16. h3 Nf8 17. f4 Kh7 18. f5 Kh8 19. Be3 N8h7 20. b4 Bd7 21.
Rfd1 c5 22. b5 Rc8 23. a6 b6 24. g4 Ng5 25. Bxg5 hxg5 26. Rd2 Bf8 27. Kf2 Be8
28. Kf3 Bf7 29. Qe2 c4 30. Qe3 Bb4 31. Rh2 Qc5 32. Na4 Qd4 33. c3 Qxe3+ 34.
Kxe3 Be7 35. Rd2 Be8 36. Rb1 Kg8 37. Kf3 Kf8 38. Ke3 Bf7 39. Nb2 1/2-1/2

[Event "SR 2. liga A 2016/2017"]
[Site "?"]
[Date "2018.02.24"]
[Round "8.3"]
[White "Szitkey, Milan"]
[Black "Tepper, Frantisek"]
[Result "1-0"]
[WhiteElo "2088"]
[BlackElo "2078"]
[PlyCount "107"]
[EventDate "2017.??.??"]
[WhiteTeam "Lokomotiva Trnava B"]
[BlackTeam "SK Slovan Bratislava D"]

1. e4 e5 2. Nf3 Nc6 3. Bb5 f5 4. Nc3 fxe4 5. Nxe4 d5 6. Nxe5 dxe4 7. Nxc6 Qg5
8. Qe2 Nf6 9. Nxa7+ c6 10. Nxc6 Bd7 11. Nd4 Qxg2 12. Bxd7+ Nxd7 13. Qf1 Qg6 14.
Rg1 Qb6 15. c3 Bc5 16. Qg2 O-O-O 17. Qh3 Bxd4 18. cxd4 Qxd4 19. Qc3+ Nc5 20. b4
Qxc3 21. dxc3 Nd3+ 22. Ke2 Nxc1+ 23. Raxc1 g6 24. Rcd1 Rhf8 25. Rxd8+ Kxd8 26.
Rg4 Rf3 27. Rg3 Rf6 28. a4 Kd7 29. a5 Kd6 30. Rg5 Rf3 31. Rg3 Rf5 32. Rh3 h5
33. Rg3 g5 34. Rg1 g4 35. Rd1+ Kc6 36. Rd4 Rf4 37. c4 Rf3 38. Rxe4 Rb3 39. Re6+
Kc7 40. Re7+ Kc8 41. b5 Ra3 42. Re5 Rxa5 43. Rxh5 Ra4 44. Rc5+ Kd7 45. Rd5+ Kc7
46. Rd4 Ra3 47. Rxg4 Rh3 48. f4 Rxh2+ 49. Ke3 Kd6 50. Rg5 Rh1 51. Rd5+ Kc7 52.
Ke4 Re1+ 53. Kf5 b6 54. Rd4 1-0

[Event "SR 2. liga A 2016/2017"]
[Site "?"]
[Date "2018.02.24"]
[Round "8.3"]
[White "Mikulas, Dusan"]
[Black "Sturdik, Igor"]
[Result "1/2-1/2"]
[WhiteElo "2046"]
[BlackElo "1992"]
[PlyCount "88"]
[EventDate "2017.??.??"]
[WhiteTeam "SK Slovan Bratislava D"]
[BlackTeam "Lokomotiva Trnava B"]

1. e4 Nf6 2. e5 Nd5 3. d4 d6 4. c4 Nb6 5. exd6 exd6 6. h3 Be7 7. Nf3 Bf5 8. Be3
O-O 9. Nc3 Nc6 10. d5 Ne5 11. Nd4 Bd7 12. b3 Bf6 13. Be2 c5 14. dxc6 bxc6 15.
Rc1 Re8 16. O-O Qc7 17. Qd2 Rad8 18. Ne4 Be7 19. Ng3 Bf8 20. Qc3 Qb7 21. Rfd1
d5 22. c5 Nc8 23. Nf3 Nxf3+ 24. Bxf3 Ne7 25. Bg5 f6 26. Be3 Ng6 27. Bh5 Be6 28.
Bd4 Bf7 29. Re1 Nf4 30. Bxf7+ Kxf7 31. Qf3 Ne6 32. Nf5 Kg8 33. Qg4 Nxd4 34.
Qxd4 Qf7 35. Qc3 Rxe1+ 36. Rxe1 Re8 37. b4 g6 38. Nd4 Rxe1+ 39. Qxe1 Qd7 40. a4
Kf7 41. Qe2 a5 42. b5 Bxc5 43. Nxc6 Bb6 44. Qd2 Qf5 1/2-1/2

[Event "SR 2. liga A 2016/2017"]
[Site "?"]
[Date "2018.02.24"]
[Round "8.3"]
[White "Mosny, Jaroslav"]
[Black "Kuna, Vladimir"]
[Result "1/2-1/2"]
[WhiteElo "1910"]
[BlackElo "2006"]
[PlyCount "68"]
[EventDate "2017.??.??"]
[WhiteTeam "Lokomotiva Trnava B"]
[BlackTeam "SK Slovan Bratislava D"]

1. d4 d5 2. Nf3 Nf6 3. Bg5 e6 4. e3 c6 5. Bd3 Be7 6. Nbd2 Nbd7 7. O-O O-O 8.
Ne5 h6 9. Bh4 c5 10. c3 Nxe5 11. dxe5 Nd7 12. Bxe7 Qxe7 13. f4 f5 14. g4 c4 15.
Bc2 Qc5 16. gxf5 exf5 17. Qf3 Qc6 18. b4 Rb8 19. Qf2 Nb6 20. Nf3 Qe8 21. Nd4
Bd7 22. Qh4 Nc8 23. Kf2 Qe7 24. Qh5 Be8 25. Qh3 Bd7 26. Rg1 Kh8 27. Rg3 Qf7 28.
Rag1 Ne7 29. Qh4 Rg8 30. Bd1 Kh7 31. Nf3 Qf8 32. Bc2 g6 33. Rh3 Rh8 34. e6 Be8
1/2-1/2

[Event "SR 2. liga A 2016/2017"]
[Site "?"]
[Date "2018.02.24"]
[Round "8.3"]
[White "Sturc, Gustav"]
[Black "Doucha, Ludvig"]
[Result "1-0"]
[WhiteElo "2015"]
[BlackElo "1874"]
[PlyCount "63"]
[EventDate "2017.??.??"]
[WhiteTeam "SK Slovan Bratislava D"]
[BlackTeam "Lokomotiva Trnava B"]

1. e4 e5 2. Nf3 Nc6 3. Bb5 a6 4. Ba4 Nf6 5. O-O Be7 6. Bxc6 dxc6 7. Qe1 Nd7 8.
d4 exd4 9. Nxd4 O-O 10. Nf5 Bf6 11. Nc3 Re8 12. Ng3 g6 13. f4 Qe7 14. Be3 Bh4
15. Bf2 Nf6 16. e5 Nd5 17. Nge4 Bxf2+ 18. Qxf2 Kg7 19. Nxd5 cxd5 20. Nf6 Rd8
21. Qh4 Rh8 22. Rae1 h6 23. Qg3 Qc5+ 24. Rf2 Bf5 25. c3 Rad8 26. Qh4 Qe7 27. g4
Bc8 28. f5 g5 29. Qg3 Qc5 30. Nh5+ Kh7 31. e6 fxe6 32. Qe5 1-0

[Event "SR 2. liga A 2016/2017"]
[Site "?"]
[Date "2018.02.24"]
[Round "8.4"]
[White "Gasa, Patrik"]
[Black "Kostolansky, Sebastian Lukas"]
[Result "0-1"]
[WhiteElo "2103"]
[BlackElo "2219"]
[PlyCount "116"]
[EventDate "2017.??.??"]
[WhiteTeam "SK Lowe Piestany"]
[BlackTeam "SK Slovan Bratislava E"]

1. d4 Nf6 2. c4 e6 3. Nf3 d5 4. g3 Bb4+ 5. Bd2 Bd6 6. Nc3 c6 7. c5 Bc7 8. b4
Ne4 9. Bg2 O-O 10. O-O f5 11. Qb3 Nd7 12. Nxe4 fxe4 13. Ng5 Nf6 14. f4 h6 15.
Nh3 Bd7 16. Nf2 Qe8 17. g4 Qg6 18. h3 Rf7 19. e3 Nh7 20. Qd1 Qf6 21. Nh1 Nf8
22. Qe2 Ng6 23. Ng3 Nh4 24. Nh5 Qe7 25. a3 Raf8 26. Rf2 g6 27. Ng3 e5 28. dxe5
Bxe5 29. Raf1 Bg7 30. Bc1 Nxg2 31. Kxg2 Qh4 32. Bb2 h5 33. Bxg7 Rxg7 34. Qb2
hxg4 35. hxg4 Bxg4 36. Rh1 Bf3+ 37. Rxf3 exf3+ 38. Kxf3 Qf6 39. Qxf6 Rxf6 40.
Rh6 Rh7 41. Rxh7 Kxh7 42. e4 Kg7 43. a4 Rf8 44. exd5 cxd5 45. Ke3 Kf6 46. Kd4
Ke6 47. Ne2 Rh8 48. Nc3 Rh1 49. Nb5 Rd1+ 50. Ke3 a6 51. Nd4+ Kd7 52. Nc2 Rc1
53. Kd3 Rg1 54. Nd4 Ra1 55. a5 Rf1 56. Ne2 Rf3+ 57. Kd2 Rb3 58. c6+ bxc6 0-1

[Event "SR 2. liga A 2016/2017"]
[Site "?"]
[Date "2018.02.24"]
[Round "8.4"]
[White "Jancovic, Peter"]
[Black "Abel, Peter"]
[Result "1/2-1/2"]
[WhiteElo "2275"]
[BlackElo "2212"]
[PlyCount "92"]
[EventDate "2017.??.??"]
[WhiteTeam "SK Slovan Bratislava E"]
[BlackTeam "SK Lowe Piestany"]

1. d4 Nf6 2. c4 c5 3. Nf3 cxd4 4. Nxd4 Nc6 5. Nc3 g6 6. e3 Bg7 7. Be2 d6 8. O-O
O-O 9. b3 Bd7 10. Bb2 a6 11. Qd2 Qa5 12. Rfd1 Rfd8 13. Rac1 b5 14. Nxc6 Bxc6
15. Nd5 Qxd2 16. Rxd2 Nxd5 17. cxd5 Bd7 18. Bxg7 Kxg7 19. Rdc2 Rdc8 20. Rc7 Kf8
21. h4 h6 22. Kh2 Ke8 23. Rxc8+ Rxc8 24. Rxc8+ Bxc8 25. b4 Kf8 26. g4 Bb7 27.
Bf3 Kg7 28. Kg3 Kf6 29. Bg2 g5 30. f4 gxh4+ 31. Kxh4 e6 32. Kh5 Kg7 33. e4 exd5
34. exd5 Bc8 35. Be4 Bd7 36. Bc2 Bc8 37. a4 Bd7 38. a5 Bc8 39. Bd3 Bd7 40. Be2
Bc8 41. g5 hxg5 42. Kxg5 f6+ 43. Kh4 Bf5 44. Bf3 Bc8 45. Bh5 Bd7 46. Kg3 Kh6
1/2-1/2

[Event "SR 2. liga A 2016/2017"]
[Site "?"]
[Date "2018.02.24"]
[Round "8.4"]
[White "Nemsak, Denis"]
[Black "Nestorenko, Dmitry"]
[Result "0-1"]
[WhiteElo "2001"]
[BlackElo "2240"]
[PlyCount "64"]
[EventDate "2017.??.??"]
[WhiteTeam "SK Lowe Piestany"]
[BlackTeam "SK Slovan Bratislava E"]

1. c4 e6 2. e4 c5 3. Nc3 Nc6 4. g3 a6 5. Bg2 g6 6. Nge2 Bg7 7. O-O Nge7 8. d3
O-O 9. Be3 b6 10. Rb1 Bb7 11. d4 cxd4 12. Nxd4 Qc7 13. b3 Rad8 14. Rc1 f5 15.
Nxc6 dxc6 16. Qe2 c5 17. Bf4 Qc6 18. Rfe1 h6 19. Rc2 Kh7 20. Bc1 Rd7 21. Qf1 g5
22. f4 Bd4+ 23. Kh1 Bxc3 24. Rxc3 gxf4 25. Qxf4 e5 26. Qh4 f4 27. gxf4 Ng6 28.
Qh5 exf4 29. Rh3 Ne7 30. Bb2 Nf5 31. Rg1 Nd4 32. e5 f3 0-1

[Event "SR 2. liga A 2016/2017"]
[Site "?"]
[Date "2018.02.24"]
[Round "8.4"]
[White "Hacik, Radomir"]
[Black "Manak, Jozef"]
[Result "1-0"]
[WhiteElo "2137"]
[BlackElo "1967"]
[PlyCount "77"]
[EventDate "2017.??.??"]
[WhiteTeam "SK Slovan Bratislava E"]
[BlackTeam "SK Lowe Piestany"]

1. e4 c5 2. Nf3 d6 3. d4 cxd4 4. Nxd4 Nf6 5. Nc3 a6 6. Bg5 e6 7. f4 Be7 8. Qf3
Qc7 9. O-O-O Nbd7 10. g4 h6 11. Bxf6 Bxf6 12. Bg2 Qc5 13. Nb3 Qc7 14. h4 Be7
15. Kb1 Rb8 16. Ne2 b5 17. g5 Bb7 18. Qg3 Rc8 19. Rd2 Nb6 20. c3 Nc4 21. Rdd1
Qb6 22. Nd2 Qe3 23. Nxc4 Bxe4+ 24. Bxe4 Qxe4+ 25. Ka1 Qxc4 26. Nd4 hxg5 27.
hxg5 Rxh1 28. Rxh1 g6 29. Qe3 b4 30. cxb4 Qxb4 31. Nxe6 Qc4 32. Nd4 Kd7 33. Re1
Bf8 34. Nb3 Qe6 35. Qf2 Qf5 36. Qa7+ Rc7 37. Qxa6 Bg7 38. Qa4+ Rc6 39. Na5 1-0

[Event "SR 2. liga A 2016/2017"]
[Site "?"]
[Date "2018.02.24"]
[Round "8.4"]
[White "Manak, Adrian"]
[Black "Zetocha, Adrian"]
[Result "0-1"]
[WhiteElo "1948"]
[BlackElo "2028"]
[PlyCount "76"]
[EventDate "2017.??.??"]
[WhiteTeam "SK Lowe Piestany"]
[BlackTeam "SK Slovan Bratislava E"]

1. e4 d6 2. d4 Nf6 3. Nc3 g6 4. Be3 c6 5. Qd2 b5 6. Bd3 Nbd7 7. Bh6 Qa5 8. Bxf8
Rxf8 9. Nf3 Rb8 10. O-O Bb7 11. Qg5 h6 12. Qxh6 b4 13. Nd1 c5 14. Re1 c4 15.
Bxc4 Nxe4 16. Ne3 Ndf6 17. a3 Kd7 18. axb4 Qxb4 19. Qf4 e6 20. Bb3 Rg8 21. Ng4
Ke7 22. Nxf6 Nxf6 23. Ng5 Rgf8 24. Bxe6 fxe6 25. Rxe6+ Kd7 26. Rxf6 Rbe8 27. h4
Rh8 28. Qg4+ Kc7 29. Rf7+ Kb8 30. f3 Re1+ 31. Kh2 Rxa1 32. Qd7 Qb6 33. Ne6 Bc8
34. Qe7 Bxe6 35. Qxe6 Ka8 36. Rd7 Qxd4 37. Rxd6 Qxh4+ 38. Qh3 Qf4+ 0-1

[Event "SR 2. liga A 2016/2017"]
[Site "?"]
[Date "2018.02.24"]
[Round "8.4"]
[White "Cambel, Vladimir"]
[Black "Slaba, Andrea"]
[Result "1/2-1/2"]
[WhiteElo "1986"]
[BlackElo "1921"]
[PlyCount "75"]
[EventDate "2017.??.??"]
[WhiteTeam "SK Slovan Bratislava E"]
[BlackTeam "SK Lowe Piestany"]

1. d4 d5 2. Bf4 e6 3. e3 Bd6 4. Bg3 Nf6 5. Nd2 O-O 6. Bd3 c5 7. c3 Nc6 8. Ngf3
Re8 9. Ne5 cxd4 10. exd4 Qc7 11. f4 Qb6 12. Rb1 Be7 13. O-O g6 14. Qf3 Nh5 15.
Bf2 f5 16. g4 Nf6 17. Qg2 Ne4 18. Ndf3 Nxe5 19. fxe5 f4 20. h4 Bd7 21. c4 Nxf2
22. Qxf2 dxc4 23. Bxc4 Rac8 24. b3 Qd8 25. a4 a6 26. g5 b5 27. axb5 axb5 28.
Bd3 Rc3 29. Be4 Qb6 30. Rfc1 Bb4 31. Rxc3 Bxc3 32. Kg2 b4 33. h5 Bc6 34. Bxc6
Qxc6 35. hxg6 hxg6 36. Rh1 Qe4 37. Qh4 Qe2+ 38. Qf2 1/2-1/2

[Event "SR 2. liga A 2016/2017"]
[Site "?"]
[Date "2018.02.24"]
[Round "8.4"]
[White "Podjavorinsky, Michal"]
[Black "Djubek, Boris"]
[Result "1-0"]
[WhiteElo "1870"]
[BlackElo "2153"]
[PlyCount "77"]
[EventDate "2017.??.??"]
[WhiteTeam "SK Lowe Piestany"]
[BlackTeam "SK Slovan Bratislava E"]

1. e4 c5 2. Nc3 Nc6 3. d3 g6 4. g3 Bg7 5. Bg2 Nf6 6. Nge2 O-O 7. O-O d6 8. Bd2
Bd7 9. h3 Rb8 10. Be3 b5 11. Qd2 Ne8 12. Bh6 b4 13. Bxg7 Kxg7 14. Nd5 e6 15.
Ne3 h5 16. f4 f5 17. exf5 gxf5 18. Kh2 Qf6 19. Nc4 Nd4 20. Rae1 Nxe2 21. Qxe2
Rh8 22. Bf3 Kg6 23. Qg2 Rc8 24. Rf2 Kg7 25. Rfe2 Kg6 26. Re3 Rh6 27. Ra1 Qd8
28. a3 a5 29. axb4 axb4 30. Ree1 Rh7 31. Qe2 Rh8 32. Ra7 Rc7 33. Rea1 Rxa7 34.
Rxa7 Rh7 35. Ra8 Qe7 36. Nb6 Bb5 37. Nc8 Qd7 38. Na7 Nc7 39. Rg8+ {Cas} 1-0